LEADER 01520okm 2200445I 450 001 9910707327403321 005 20160727103413.0 035 $a(CKB)5470000002464247 035 $a(OCoLC)930076806 035 $a(EXLCZ)995470000002464247 100 $a20151114d2015 ua i 101 0 $aeng 135 $aurcn||||||||| 181 $ctxt$2rdacontent 182 $cc$2rdamedia 183 $acr$2rdacarrier 200 10$aOffshore wind balance-of-system cost modeling /$fMichael Maness [and three others] 210 1$aGolden, Colo. :$cNational Renewable Energy Laboratory,$d2015. 215 $a1 online resource (1 poster) $ccolor illustrations 225 1 $aNREL/PO ;$v6A20-64789 300 $aTitle from title screen (viewed Nov. 14, 2015) 300 $a"Offshore Windpower 2015, Baltimore, Maryland, September 29--30, 2015." 517 3 $aOffshore wind balance of system cost modeling 606 $aOffshore wind power plants$xEconomic aspects 606 $aRenewable energy sources$xCosts 606 $aCapital costs 615 0$aOffshore wind power plants$xEconomic aspects. 615 0$aRenewable energy sources$xCosts. 615 0$aCapital costs. 700 $aManess$b Michael$01422665 712 02$aNational Renewable Energy Laboratory (U.S.), 801 0$bLLB 801 1$bLLB 801 2$bOCLCO 801 2$bOCLCQ 801 2$bGPO 906 $aBOOK 912 $a9910707327403321 996 $aOffshore wind balance-of-system cost modeling$93547677 997 $aUNINA